000 00419nam a2200109Ia 4500
008 160909s9999 xx 000 0 und d
100 _aConlin, Ronald P.
245 2 _aA comparative study of leadership skill requirements across sales, human resource and finance functions
260 _bPepperdine University.
_c2016
650 _aMARKETING MANAGEMENT
856 _uhttp://pqdtopen.proquest.com/doc/1786672490.html?FMT=ABS
999 _c304763
_d304763